Untapped market potential and comparative advantage of a by-product; The case of rubber wood processing industry in India (Record no. 48130)

MARC details
000 -LEADER
fixed length control field 01650nam a2200145Ia 4500
100 ## - MAIN ENTRY--AUTHOR NAME
Personal name George K T
245 #0 - TITLE STATEMENT
Title Untapped market potential and comparative advantage of a by-product; The case of rubber wood processing industry in India
260 ## - PUBLICATION, DISTRIBUTION, ETC. (IMPRINT)
Name of publisher Wood News
Year of publication 1993
300 ## - PHYSICAL DESCRIPTION
Number of Pages 6-Oct
520 ## - SUMMARY, ETC.
Summary, etc The paper examines the pattern, scope and potential of commercial utilisation of rubberwood in India in the context of the country's current position as a net importer of wood. The consumption pattern of rubber stemwood in India presents a complex picture compared to the trends in Malaysia and Thailand. The scope for more value addition in India is evident from the insignificant share of rubberwood processing industry in the total consumption. From a policy angle, two important problems deserving immediate attention are lower levels of capacity utilisation in the industry and vast untapped potential of sawn timber. Two major developemts in the domestic market having long term implications on the prospects of the industry in the manufacture of construction components are: a) the inclusion of rubberwood by the BIS for doors, window shutters and frames, and b) the ban on forest wood being used in the construction work by the CPWD since April 1993. The paper underscores a genuine need for a promotional agency with regulatory powers supported with sustained R&D efforts for improving recovery rates (in sawing and seasoning) and economic utilisation of the process waste to maximise the returns from this renewable resource.
650 ## - SUBJECT ADDED ENTRY--TOPICAL TERM
Topical Term Rubberwood
700 ## - ADDED ENTRY--PERSONAL NAME
Personal name Joseph T
942 ## - ADDED ENTRY ELEMENTS (KOHA)
Koha item type Bibliography RLWO
Holdings
Withdrawn status Lost status Damaged status Not for loan Home library Current library Date acquired Serial Enumeration / chronology Koha item type
      Bibliography RRII Library RRII Library 31/12/2021 Volume 3, Issue 3 Bibliography RLWO